BROADCASTING REFORM IN INDIA (Record no. 25545)
[ view plain ]
| 000 -LEADER | |
|---|---|
| fixed length control field | 00344nam a22001337a 4500 |
| 003 - CONTROL NUMBER IDENTIFIER | |
| control field | SGT |
| 020 ## - INTERNATIONAL STANDARD BOOK NUMBER | |
| International Standard Book Number | 9780195645644 |
| 082 ## - DEWEY DECIMAL CLASSIFICATION NUMBER | |
| Classification number | 343.54 |
| Item number | PRI |
| 100 ## - MAIN ENTRY--PERSONAL NAME | |
| Personal name | PRICE MONROE E |
| 245 ## - TITLE STATEMENT | |
| Title | BROADCASTING REFORM IN INDIA |
| Remainder of title | MEDIA LAW FROM A GLOBAL PERSPECTIVE |
| 260 ## - PUBLICATION, DISTRIBUTION, ETC. (IMPRINT) | |
| Place of publication, distribution, etc | NEW DELHI |
| Name of publisher, distributor, etc | OXFORD UNIVERSITY PRESS |
| Year of Publication | 1998 |
| 300 ## - PAGE DESCRIPTION | |
| No. of Pages | 377 |
| 942 ## - ADDED ENTRY ELEMENTS (KOHA) | |
| Source of classification or shelving scheme | Dewey Decimal Classification |
| Koha item type | Books |
| Withdrawn status | Lost status | Source of classification or shelving scheme | Damaged status | Not for loan | Collection code | Home library | Current library | Shelving location | Date acquired | Cost, normal purchase price | SGTU | Total Checkouts | Full call number | Accession No. (Barcode) | Date last seen | Bill Date | Koha item type |
|---|---|---|---|---|---|---|---|---|---|---|---|---|---|---|---|---|---|
| Dewey Decimal Classification | LAW | SGT Science & Social Sciences Library | SGT Science & Social Sciences Library | Text Book | 29/12/2023 | 475.00 | SGTU | 343.54 PRI | FL3201 | 29/12/2023 | 29/12/2023 | Books |